LEADER 01360nam a2200265 i 4500 001 000000180385 003 CaOOAMICUS 005 20090904000000.0 008 090904s1999 it u000 u ita u 013 $a158030 040 $aSeMil$bita 100 0 $aPaulus VI,$c.$0(OLS)http://semarc/name/803 245 10$a"Sul senso morale" :$bLettera pastorale all'Arcidiocesi Ambrosiana per la S. Quaresima dell'anno del Signore 1961 /$cGiovanni Battista Montini Arcivescovo di Milano ; prefazione del Cardinale Dionigi Tettamanzi Arcivescovo di Genova ; Chine acquerellate di Trento Longaretti. 260 $aCesena :$bIl vicolo,$c1999. 300 $a89 p. ;$c22 cm. 700 1 $aLongaretti, Trento <1916-2017>.$0(OLS)http://semarc/name/90322 700 1 $aTettamanzi, Dionigi,$c.$0(OLS)http://semarc/name/89456 850 $aSeMil 852 $aSeMil$W1$xVenegono$y1$m1216 1 3 *$j131134$B131134$CSeMilBibl$Z2$F143993 $81 900 1 $aMontini, Giovanni Battista,$d<1897-1978>. 900 0 $aPaolo VI$c. 996 $6245$a"Sul senso morale" :$bLettera pastorale all'Arcidiocesi Ambrosiana per la S. Quaresima dell'anno del Signore 1961$9(OLS)http://semarc/title/259000 996 $6260$aCesena :$bIl vicolo$9(OLS)http://semarc/publisher/33877 LEADER 01524nam a2200301 4500 001 000000343986 003 CaOOAMICUS 005 20230613100313.0 008 210127s2020 it 000 u ita r 020 $a978-88-311-7051-2 040 $aSeMil$bita 100 1 $aRossé, Gérard,$d<1937- >.$0(OLS)http://semarc/name/15396 245 13$aIl grido d'abbandono :$bScrittura, mistica, teologia /$cGérard Rossé, Piero Coda. 264 1$aFigline ed Incisa Valdarno :$bIstituto Universitario Sophia ;$aRoma :$bCittà Nuova,$c2020. 300 $aVIII, 387 p. ;$c21 cm 490 1 $aTracce / Istituto universitario Sophia ;$v2 650 4$aAbbandono - Mistica.$0(OLS)http://semarc/subject/49917 650 4$aBibbia - Tema [dell'] Abbandono.$0(OLS)http://semarc/subject/49916 650 4$aAbbandono - Teologia.$0(OLS)http://semarc/subject/49915 700 1 $aCoda, Piero,$d<1955- >.$0(OLS)http://semarc/name/325 830 0$aTracce / Istituto universitario Sophia ;$v2.$0(OLS)http://semarc/title/433049 850 $aSeMil 852 $aSeMil$W1$xVenegono$y1$m2NA D 2$j241397$B245456$CSeMilBibl$Z2$F245456 $81 996 $6020$a978-88-311-7051-2$9(OLS)http://semarc/number/292204 996 $6245$aIl grido d'abbandono :$bScrittura, mistica, teologia$9(OLS)http://semarc/title/433048 996 $6264$aFigline ed Incisa Valdarno :$bIstituto Universitario Sophia$9(OLS)http://semarc/publisher/59501 996 $6264$aRoma :$bCittà Nuova$9(OLS)http://semarc/publisher/29609